Bilderrätsel: Bands international 1 - Statistiken

Allgemein
  • Dieses Quiz wurde 1.988 mal gespielt
  • Das Durchschnittsergebnis liegt bei 10 aus 20
Antwortstatistiken
Bildquiz Antwort % Korrekt
Scorpions
94%
Kiss
93%
Guns N' Roses
83%
Heart
80%
Imagine Dragons
77%
Radiohead
76%
Red Hot Chili Peppers
74%
The Doors
72%
Arctic Monkeys
58%
Blackpink
53%
Iron Maiden
49%
The White Stripes
47%
Panic! At The Disco
43%
Slipknot
38%
Nine Inch Nails
30%
Electric Callboy
18%
Green Day
14%
Aerosmith
13%
Pearl Jam
10%
Muse
4%
Keine übereinstimmenden Quizze gefunden
Verteilung der Resultate
Anzahl Personen mit jedem Resultat
Perzentil nach korrekt beantworteten Fragen
Ihre Resultats-Entwicklung
Sie haben dieses Quiz noch nicht gespielt